000 00705nam a2200121Ia 4500
008 220620s9999||||xx |||||||||||||| ||und||
245 0 _aBiocultural Rights, Indigenous Peoples and Local Communities
_bProtecting Culture and the Environment
546 _aEnglish[eng]
650 _aEnvironment law||Jurisprudence and general issues||Nature and the natural world: general interest||Applied ecology||Conservation of the environment||Environmental management||Environmental policy and protocols||Environmental science, engineering and technology
700 _aGirard, Fabien||Hall, Ingrid||Frison, Christine
856 _uhttps://library.oapen.org/bitstream/20.500.12657/53679/1/9781000593624.pdf
942 _cEB
999 _c26631
_d26631